00383nam a22001457a 450000500170000000800410001702000230005804000140008104100060009508200120010110000190011324500400013226000430017230000220021520241104152958.0241008b sa ||||| |||| 00| 0 eng d a9781408876763qpbk aRDAc3228 2E aEF FALE aFaleiro, Sonia aThe Good Girls: an ordinary killing aLondon:bBloomsbury Publishing;c2022. a314 Pages:c20 cm